| Поле | Название | Значение |
| |
Тип записи |
a |
| |
Библиографический уровень |
m |
| 001 |
Контрольный номер |
RU/ГПНТБ России/KNIGADB/84(2=411.2)6/Г 95-228400215 |
| 005 |
Дата корректировки |
20201206205217.8 |
| 010 |
Индекс ISBN |
__ |
| a |
ISBN |
978-5-907076-05-1 (в пер.) |
| d |
Цена |
693-03, 5000 экз. |
| 100 |
Данные общей обработки |
__ |
| a |
Данные общей обработки |
19191223d2018 |||y0rusy0189 ca |
| 101 |
Язык документа |
0_ |
| a |
Язык текста |
rus |
| 102 |
Страна публикации |
__ |
| a |
Страна публикации |
RU |
| 102 |
Страна публикации |
__ |
| a |
Страна публикации |
RU |
| 105 |
Кодированные данные (монография) |
__ |
| a |
Кодированные данные (монография) |
a|||||||000zy |
| 200 |
Заглавие и сведения об ответственности |
1_ |
| a |
Заглавие |
Полет сокола |
| e |
Сведения, относящиеся к заглавию |
[историческая повесть : для детей среднего школьного возраста] |
| f |
Первые сведения об ответственности |
Анна Гурова, Александр Мазин ; [художник Александр Соловьев] |
| b |
Общее обозначение материала |
Текст |
| 210 |
Выходные данные |
__ |
| a |
Место издания |
Санкт-Петербург |
| c |
Издательство |
Качели |
| d |
Дата издания |
2018 |
| 215 |
Физическое описание |
__ |
| a |
Объем |
109, [2] с. |
| c |
Иллюстрации/тип воспроизводства |
цв. ил. |
| d |
Формат |
22 см |
| 225 |
Серия |
__ |
| a |
Серия |
Серия "Полет сокола" |
| 330 |
Аннотация |
__ |
| a |
Аннотация |
Дочь псковского воеводы, и, возможно, будущая княгиня возвращается с обозом из стольного града Киева домой. Сопровождают ее несколько слуг и охранников, среди которых охотник-проводник с сыном Радимом. Ольга и Радим почти ровесники, а путешествие - такое время, когда все равны: и княжна, и сын простого охотника. Тем более, если на обоз нападают и подросткам приходится самим бежать из плена, обманывать разбойников, пробираться к своим… История о временах Древней Руси великолепно рассказана мэтром историко-приключенческой литературы Александром Мазиным и замечательным детским писателем Анной Гуровой. |
| 333 |
Примечание о целевом назначении |
__ |
| a |
Примечание о целевом назначении |
12+. Для детей старше 12 лет |
| 606 |
Тематические рубрики |
__ |
| a |
Основная рубрика |
Художественная литература |
| 606 |
Тематические рубрики |
__ |
| a |
Основная рубрика |
Современная русская литература (произведения) |
| y |
Географическая подрубрика |
Древняя Русь |
| 610 |
Ключевые слова |
__ |
| a |
Ключевые слова |
детская литература |
| 610 |
Ключевые слова |
__ |
| a |
Ключевые слова |
приключения |
| 610 |
Ключевые слова |
__ |
| a |
Ключевые слова |
тема путешествий |
| 610 |
Ключевые слова |
__ |
| a |
Ключевые слова |
тема похищений |
| 610 |
Ключевые слова |
__ |
| a |
Ключевые слова |
тема подростков |
| 610 |
Ключевые слова |
__ |
| a |
Ключевые слова |
исторические повести |
| 610 |
Ключевые слова |
__ |
| a |
Ключевые слова |
тема разбойников |
| 610 |
Ключевые слова |
__ |
| a |
Ключевые слова |
князья |
| 610 |
Ключевые слова |
__ |
| a |
Ключевые слова |
воеводы |
| 610 |
Ключевые слова |
__ |
| a |
Ключевые слова |
тема Древней Руси |
| 610 |
Ключевые слова |
__ |
| a |
Ключевые слова |
повести |
| 686 |
Индексы других классификаций |
__ |
| 2 |
Код системы |
rubbks |
| a |
Классификационный индекс |
84(2=411.2)6-4; ст84(2=411.2)6-4 |
| 700 |
Автор |
_1 |
| a |
Фамилия |
Гурова |
| b |
Имя |
А. Е. |
| f |
Даты |
1976- |
| g |
Полное личное имя |
Анна Евгеньевна |
| 4 |
Код отношения |
070 |
| 701 |
Альтернативная интеллектуальная ответственность |
_1 |
| a |
Фамилия |
Мазин |
| b |
Имя |
А. В. |
| f |
Даты |
1959- |
| g |
Полное личное имя |
Александр Владимирович |
| 4 |
Код отношения |
070 |
| 702 |
Вторичная интеллектуальная ответственность |
_1 |
| a |
Фамилия |
Соловьев |
| b |
Имя |
А. В. |
| 4 |
Код отношения |
Художник |
| f |
Даты |
1964- |
| g |
Полное личное имя |
Александр Владимирович |
| 4 |
Код отношения |
040 |
| 801 |
Источник записи |
_0 |
| a |
Страна |
RU |
| b |
Организация |
ГПНТБ России |
| c |
Дата составления |
20191223 |
| g |
Правила каталогизации |
PSBO |
| 801 |
Источник записи |
_2 |
| a |
Страна |
RU |
| b |
Организация |
Муниципальное бюджетное учреждение культуры "Централизованная библиотечная система" г. Сургут (Центральная городская библиотека им. А. С. Пушкина) |
| c |
Дата составления |
20191223 |
| 852 |
Данные о местонахождении |
__ |
| j |
Шифр хранения |
84(2=411.2)6-4 |
| i |
Авторский знак |
Г 95 |
| 901 |
Тип документа |
__ |
| a |
Ответственный |
ООФиК/Волкова |
| t |
Тип документа |
m |
| 903 |
Характеристики (МАРС) |
__ |
| a |
Дата передачи |
20191223 |
| 969 |
Тип издания |
__ |
| a |
Тип издания |
издание для детей |
| 990 |
Данные о заказе (DOS) |
__ |
| j |
Количество экземпляров (DOS) |
5 |
| t |
N записи в КСУ для И/У (DOS) |
202001 |